Score 0/46 Timer 04:00
0 Plays Today
Hint 4-Letter Word % Correct
Fired a gunSHOT
92.4%
👓 A work written for the stage 👓PLAY
91.1%
👓 To buy goods 👓SHOP
89.5%
Chimney residueSOOT
87.9%
To crack or roughen, esp. lipsCHAP
87.3%
To hew with an axeCHOP
87.2%
Evidence of injured skinSCAR
86.4%
Not present nor futurePAST
85.9%
Plaster setting for broken boneCAST
85.2%
👓 One revolution around the sun 👓YEAR
83.2%
Scheme for accomplishing an objectivePLAN
83.2%
Actress BlanchettCATE
82.4%
Outer surface of a treeBARK
82.3%
Actor's part in a playROLE
82.2%
Burn or char the surface SEAR
82%
👓 Matter that goes before a court of law 👓CASE
81.8%
Fictional Chinese detective CharlieCHAN
81.5%
To violently killSLAY
81.4%
Close-knit, interrelated families CLAN
80.8%
Single sheet of window glassPANE
80.3%
Improvised jazz singing SCAT
78.9%
👓 The second gospel 👓MARK
78.2%
👓 Wiggly fish bait 👓WORM
77.9%
Hint 4-Letter Word % Correct
Formal agreement between countriesPACT
77.5%
👓 To prepare a meal 👓COOK
77.4%
Bottle stopperCORK
76.5%
Narrow strip of woodSLAT
75.6%
Greatest in amount or degreeMOST
75.2%
Above temperateWARM
74.9%
Indisputable truthFACT
74.8%
Effort on a jobWORK
74.8%
👓 Brief thought jotted down 👓NOTE
74%
Place where goods are soldMART
73.8%
Of no practical value or meaningMOOT
73.6%
NBA's Robinson or ArchibaldNATE
72.8%
Small viral skin growthWART
72.5%
Speed of gaitPACE
70.4%
👓 Land that slopes down to a river 👓BANK
69.5%
👓 One's countenance 👓FACE
67.5%
👓 Exercise ultimate power and authority 👓RULE
67%
Be compelled, as by a requirementMUST
65.6%
A source of harm or ruin BANE
65.2%
FSU athlete (abbrev.)'NOLE
63.2%
An action intended to deceiveRUSE
57.9%
To be absorbed in thoughtMUSE
57.3%
👓👓 COMMON BOND 👓👓BOOK
40.9%

Today's Daily Dose

Remove Ads.
Support Sporcle.
Get the best of Sporcle when you Go Orange. This ad-free experience offers more features, more stats, and more fun while also helping to support Sporcle. Thank you for becoming a member.

You're not logged in!

Compare scores with friends on all Sporcle quizzes.
OR
Log In

Show Comments

Extras

Top Quizzes Today


Score Distribution

Your Account Isn't Verified!

In order to create a playlist on Sporcle, you need to verify the email address you used during registration. Go to your Sporcle Settings to finish the process.

Report this User

Report this user for behavior that violates our Community Guidelines.

Details: